Comportamiento estructural de marcos de madera laminada con uniones momento - resistentes (ductilidad global)
Na minha lista:
| Autor principal: | |
|---|---|
| Formato: | Livro |
| Publicado em: |
[San José, Costa Rica]
2009
|
| Assuntos: | |
| Tags: |
Adicionar Tag
Sem tags, seja o primeiro a adicionar uma tag!
|
MARC
| LEADER | 00000nam a2200000Ia 4500 | ||
|---|---|---|---|
| 001 | 5893 | ||
| 003 | 010408 | ||
| 005 | 20221231144049.0 | ||
| 008 | 140114s2009 cr a 000 ||s d | ||
| 040 | |c cru CEDI | ||
| 090 | |a TFG 5893 | ||
| 100 | |a Abarca Jiménez, Andrés |9 3756 | ||
| 245 | |a Comportamiento estructural de marcos de madera laminada con uniones momento - resistentes (ductilidad global) | ||
| 260 | |c 2009 |b [San José, Costa Rica] | ||
| 300 | |a vi, 114 páginas; ilustraciones | ||
| 500 | |a Tesis (licenciatura en ingeniería civil)--Universidad de Costa Rica. Facultad de Ingeniería. Escuela de Ingeniería Civil | ||
| 650 | |x MADERA LAMINADA |x DISEÑO DE ESTRUCTURAS |x CONSTRUCCIONES DE MADERA |x DUCTILIDAD |x MARCOS ESTRUCTURALES |x CONSTRUCCIONES ANTISISMICAS |9 3757 | ||
| 942 | |c TFG | ||
| 999 | |c 16342 |d 16342 | ||
